000 00741nam a2200241Ia 4500
003 OSt
005 20220923225413.0
006 a|||||r|||| 00| 0
007 ta
008 220922b |||||||| |||| 00| 0 hin d
020 _c125
024 _a266,221
037 _b484, 21/03/2008, Vani Prakashan
_cTextual
040 _aARTS
_cARTS
_bhin
041 _2hin
_ahin
082 _aY2, 152P7.1
100 _aधर्मवीर भारती
_9156369
245 0 _aकामसूत्र की सन्तानें
246 _aKāmasūtra kī santānean
260 _c2007
942 _hY2, 152P7.1
_cTEXL
_2CC
999 _c378012
_d378012